000 00511nam a2200169 i 4500
001 69543
003 ES-MaACL
005 20230906170538.0
007 t|
008 040707s1971 sp ||||1| spa d
100 1 _aGarcía y Domínguez, Ulpiano R.
_955428
245 1 0 _aCompendio de delitos y faltas sobre desacatos /
_cUlpiano R. García y Domínguez.
250 _a[1ª ed.].
260 _a[Madrid :
_bs.n.,
_c1971] (
_fGráf. C.I.M.)
300 _a171 p. ;
_c22 cm.
852 _aES-MaACL
_jC-47493
_bR.78969
999 _c69543
_d69543